Aplikácia na prípravu úloh a testov a ich použitie pri samoštúdiu matematiky
Gespeichert in:
| 1. Verfasser: | |
|---|---|
| Weitere Verfasser: | |
| Format: | Manuskript Buch |
| Sprache: | Slowakisch |
| Veröffentlicht: |
2025
|
| Schlagworte: | |
| Online-Zugang: | http://is.stuba.sk/zp/portal_zp.pl?podrobnosti=176686 |
| Tags: |
Keine Tags, Fügen Sie das erste Tag hinzu!
|
MARC
| LEADER | 00000ntm a22000003a 4500 | ||
|---|---|---|---|
| 001 | stuzp103768 | ||
| 003 | SK-STU | ||
| 005 | 20250628210804.8 | ||
| 007 | ta | ||
| 008 | 150427s2015----xo-----f-mn---000-0-slo-d | ||
| 040 | |a STU |b slo | ||
| 041 | 0 | |a slo | |
| 100 | 1 | |a Baláž, Filip |u 066000 |4 aut |U MTF Materiálovotechnologická fakulta |T MTF Ústav aplikovanej informatiky, automatizácie a mechatroniky |X 121778 |U M6000 |Y 86 |7 121778 | |
| 242 | 0 | 1 | |a Application for preparing tasks and tests and using them for self-study of mathematics |y eng |
| 245 | 1 | 0 | |a Aplikácia na prípravu úloh a testov a ich použitie pri samoštúdiu matematiky |
| 260 | |c 2025 | ||
| 650 | 4 | |a výučbová aplikácia |2 slo | |
| 650 | 4 | |a LaTeX |2 slo | |
| 650 | 4 | |a Wolfram |2 slo | |
| 650 | 4 | |a C# |2 slo | |
| 650 | 4 | |a matematika |2 slo | |
| 650 | 4 | |a WPF |2 slo | |
| 650 | 4 | |a GitHub |2 slo | |
| 650 | 4 | |a desktopová aplikácia |2 slo | |
| 650 | 4 | |a mathematics |2 eng | |
| 650 | 4 | |a educational application |2 eng | |
| 650 | 4 | |a Wolfram |2 eng | |
| 650 | 4 | |a LaTeX |2 eng | |
| 650 | 4 | |a C# |2 eng | |
| 650 | 4 | |a GitHub |2 eng | |
| 650 | 4 | |a desktop application |2 eng | |
| 650 | 4 | |a WPF |2 eng | |
| 700 | 1 | |a Takáč, Zdenko |u 066000 |k Z1 |4 ths |U MTF Materiálovotechnologická fakulta |T MTF Ústav aplikovanej informatiky, automatizácie a mechatroniky |X 43247 |U M6000 |Y 86 |7 A000043247 | |
| 856 | 4 | |u http://is.stuba.sk/zp/portal_zp.pl?podrobnosti=176686 | |
| 996 | |c M* BP-9871 |l MMSKP |s P |a 0 |w stuzp103768_0001 | ||